Proposals for national service : (Record no. 71020)
[ view plain ]
| 000 -LEADER | |
|---|---|
| fixed length control field | 00712cam7a220021700 4500 |
| 001 - CONTROL NUMBER | |
| control field | tmp15783959 |
| 003 - CONTROL NUMBER IDENTIFIER | |
| control field | UPRA |
| 005 - DATE AND TIME OF LATEST TRANSACTION | |
| control field | 20190815111739.0 |
| 008 - FIXED-LENGTH DATA ELEMENTS--GENERAL INFORMATION | |
| fixed length control field | 951027s1969 ug f eng u |
| 035 ## - SYSTEM CONTROL NUMBER | |
| System control number | (Sirsi) r35305 |
| 035 ## - SYSTEM CONTROL NUMBER | |
| System control number | (UPRA)tmp15783959 |
| 040 ## - CATALOGING SOURCE | |
| Transcribing agency | UPRA |
| 110 1# - MAIN ENTRY--CORPORATE NAME | |
| Corporate name or jurisdiction name as entry element | Uganda. |
| Linkage | A33024.1 |
| 245 10 - TITLE STATEMENT | |
| Title | Proposals for national service : |
| Remainder of title | Document no. 2 on move to the left. |
| 260 ## - PUBLICATION, DISTRIBUTION, ETC. | |
| Place of publication, distribution, etc. | Kampala : |
| Name of publisher, distributor, etc. | Ministry of National Service, |
| Date of publication, distribution, etc. | 1969. |
| 500 ## - GENERAL NOTE | |
| General note | Photocopy. |
| 650 #0 - SUBJECT ADDED ENTRY--TOPICAL TERM | |
| Topical term or geographic name entry element | Draft -- Uganda. |
| Geographic subdivision | Draft -- Uganda. |
| Linkage | S70996.1 |
| 710 1# - ADDED ENTRY--CORPORATE NAME | |
| Corporate name or jurisdiction name as entry element | Uganda. Ministry of National Service. |
| Subordinate unit | Uganda. Ministry of National Service. |
| Linkage | A98303.1 |
| 949 ## - LOCAL PROCESSING INFORMATION (OCLC) | |
| a | (O2) 1969/8 |
| w | lcc |
| m | MAIN |
| t | BOOK |
| l | ON-SHELF |
No items available.